000 00354 a2200121 4500
001 ART_10460
005 20260410161848.0
008 260409a
245 1 0 _aUn modelo simple de equilibrio general
100 1 _aDiéguez, Héctor L.
700 1 _aPorto, Alberto
773 0 _tEconómica
_g- Año XIX, Nº 1 (ene./abr. 1973)
_wREV7541
999 _c24758
_d24758